000
00312nam a22001337a 4500
008
181023b xxu||||| |||| 00| 0 eng d
020
_a
9780134770840
041
_a
eng
080
_2
3rd
_a
371
100
_a
46
101
_a
EDU
245
_a
Introduction to Educational Resarch
_c
Charles,C.M
942
_2
udc
_c
BK
999
_c
50654
_d
50654